مكتبة جامعة عجلون الوطنية

فهرس بحث المكتبة

Normal view MARC view
  • Cumulative Index

Entry Topical Term

Number of records used in: 1

001 - CONTROL NUMBER

  • control field: 1897

003 - CONTROL NUMBER IDENTIFIER

  • control field: JO-AjAnu

005 - DATE AND TIME OF LATEST TRANSACTION

  • control field: 20230606070620.0

008 - FIXED-LENGTH DATA ELEMENTS

  • fixed length control field: 230606|| aca||aabn | a|a d

040 ## - CATALOGING SOURCE

  • Original cataloging agency: JO-AjAnu
  • Transcribing agency: JO-AjAnu

150 ## - HEADING--TOPICAL TERM

  • Topical term or geographic name entry element: Cumulative Index

670 ## - SOURCE DATA FOUND

  • Source citation: Work cat.: (JO-AjAnu)998: Sheth,Jagdish N , Malhotra, Naresh K, author 1896, Wiley International Encyclopedia Of Marketing: Volume7 Cumulative Index